000 00806nam a2200241 a 4500
001 000005841
003 DO-SdBNP
005 20211101150143.0
007 ta
008 090824s1971 dr 000 0 spa d
040 _aDO-SdBNP
_bspa
_cBNPHU
082 4 _222
_a344.729302
_bR426L, 1971
110 1 _aRepública Dominicana.
_9447
240 1 0 _a[Leyes, etc.]
245 1 0 _aLey No. 1896 sobre seguros sociales con sus enmiendas y disposiciones afines.
260 _aSanto Domingo :
_bIDSS,
_c1971.
300 _a101 p. ;
_c24 cm.
590 _aInventariado,2018/DG BT/2021
650 1 4 _aSeguridad social
_xLegislación
_zRepública Dominicana
_914351
710 1 2 _aInstituto Dominicano de Seguos Sociales (República Dominicana
_916498
910 _aValidado. Control de calidad MFF
942 _2ddc
_cLBS1
999 _c5637
_d5637